Tarikh wa Saqafat (Record no. 589232)

000 -LEADER
fixed length control field 00349nam a22001337a 4500
020 ## - INTERNATIONAL STANDARD BOOK NUMBER
International Standard Book Number 9789694171487
082 ## - DEWEY DECIMAL CLASSIFICATION NUMBER
Classification number 954.915
100 ## - MAIN ENTRY--PERSONAL NAME
Personal name Shahwani, Abdul Hameed, Dr.
245 ## - TITLE STATEMENT
Title Tarikh wa Saqafat
Statement of responsibility, etc. Dr. Abdul Hameed Shahwani
260 ## - PUBLICATION, DISTRIBUTION, ETC.
Place of publication, distribution, etc. Islamabad
Name of publisher, distributor, etc. Higher Education Commission
Date of publication, distribution, etc. 2011
300 ## - PHYSICAL DESCRIPTION
Extent 158p
563 ## - BINDING INFORMATION
Binding note P.B
942 ## - ADDED ENTRY ELEMENTS (KOHA)
Source of classification or shelving scheme
Koha item type Book
Holdings
Withdrawn status Lost status Source of classification or shelving scheme Damaged status Not for loan Permanent Location Current Location Date acquired Source of acquisition Total Checkouts Full call number Barcode Date last seen Price effective from Koha item type
          Central Library (CL) Central Library (CL) 04/20/2022 Donation   954.915 SHA CL-D-1689 04/20/2022 04/20/2022 Book
© 2023 Central Library, National University of Sciences and Technology. All Rights Reserved.